00270nam a2200109Ia 4500008004100000082001500041100002300056245001900079260003600098300000800134650001800142191201s2015 xx 000 0 und d a155.5bSHT aSHARMA, Murari Lal 0aTanav se Mukti aN. DelhibPyarelal Wadhwac2015 a256 aGeneral Books